| 000 | 03221nam a2200433 i 4500 | ||
|---|---|---|---|
| 003 | AGN | ||
| 005 | 20260520160041.0 | ||
| 007 | ta | ||
| 008 | 260520e20172025dr ad||gro|||||| |bspa d|spa| | ||
| 010 | _a2025 | ||
| 011 | _a | ||
| 020 | _a9789945251326. | ||
| 020 | _a9789945251333. | ||
| 040 |
_aAGN _bspa _cDO-SdBNP _erda |
||
| 041 | _aspa | ||
| 082 |
_aRD 306.74097293 _2P966T 2025 _b2025 |
||
| 245 |
_aLa prostitución en República Dominicana durante la primera mitad del siglo XX : _ccompilación de documentos / _bcoordinadora Leticia Belén Trejo Rosales. [y otros cuatro]. |
||
| 264 |
_aSanto Domingo, República Dominicana : _bArchivo General de la Nación, _c2025. |
||
| 300 |
_a1 tomo : _bilustraciones, gráficas ; _c25.5 x 18 cm. |
||
| 336 |
_atexto _btxt _2rdacontent |
||
| 337 |
_asin mediación _bn _2rdamedia |
||
| 338 |
_avolumen _bnc _2rdacarrier |
||
| 490 | 1 |
_aArchivo General de la Nación ; _vvolúmenes 516. |
|
| 500 | _aIncluye una pequeña biografía de la autora en la solapa. | ||
| 505 | _aTomo I : Presentación 9 -- Introducción 11 -- 1. Prostitución estatalmente regulada 21 -- 1.1 Higienismo norteamericano 23 -- 1.2 La prostitución como asunto de Salud Pública 97 -- 1.2.1 Profilaxis social 99 -- 1.2.2 Darío Contreras 149 -- 1.3 Prostitución: ¿origen de las enfermedades venéreas? 167 -- 1.3.1 Actas por ejercicio de la prostitución clandestina 197 -- 1.3.2 Métodos para tratar las enfermedades venéreas 211 -- 1.3.2.1 Código de procedimiento sanitario, año 1920 213 -- 1.3.2.2 Código de procedimiento sanitario, año 1938 219 -- 1.3.2.3 Exámenes a prostitutas 225 -- 1.3.3 Tarjetas de salud 237 -- 1.4 Persecución Policial 241 -- 2. Cartografía de la moral 257 -- 2.1 Cartografía de la moral 259 -- 2.2 Migración del campo a la ciudad y conformación de la ciudad 337 -- 2.2.1 Trabajadoras domésticas 339 -- 2.2.2 Reformatorios 349 -- 2.2.3 Cosechas 373 -- 2.2.4 Mujeres de procedencia campesina: menores y mayores de edad 405 -- 2.3 Zona de tolerancia 421 -- 2.3.1 Zona de tolerancia 423 -- 2.3.2 Clausura de establecimientos 447 -- 2.3.3 Moralización de la ciudad: Expulsión de mujeres que ejercen la prostitución 461 | ||
| 590 | _aInventariado, 2026/WG. | ||
| 650 |
_983978 _aProstitución _zRepública Dominicana |
||
| 650 |
_983979 _aProstitución _xHistoria _zRepública Dominicana |
||
| 650 |
_983980 _aProstitución _xEnfoque sociocultural |
||
| 700 |
_983983 _aTrejo Rosales, Leticia Belén _ecoordinadora |
||
| 700 |
_aVásquez Sena, Jorge Douglas _eauxiliar de investigación _989679 |
||
| 700 |
_aCorporán, María _eauxiliar de investigación _989680 |
||
| 700 |
_aFernández Vásquez, Yahaira _ediagramación _ediseño de portada _999113 |
||
| 710 |
_aÁrea de Publicaciones _ecuidado de la edición _989658 |
||
| 830 | 0 |
_aArchivo General de la Nación ; _989681 _vvolúmenes 516. |
|
| 856 |
_uhttps://colecciones.agn.gob.do/opac/ficha.php?informatico=00280978PI&codopac=OP003&idpag=2057305456&presenta=digitaly2p#viajeinicial _yTomo I |
||
| 856 |
_uhttps://colecciones.agn.gob.do/opac/ficha.php?informatico=00280979PI&codopac=OP003&idpag=340304105&presenta=digitaly2p#viajeinicial _yTomo II |
||
| 942 |
_2ddc _cLBS1 |
||
| 999 |
_c60797 _d60797 |
||